00405 a2200157 4500003000400000005001700004008004100021020001800062040000900080082002200089100002500111245004300136260003200179300001000211700002600221OSt20230916103252.0230916b |||||||| |||| 00| 0 eng d a9781785784187 coclc a796.334092bCAI/M1 aCaioli, Luca,d1958- aMbappé /cLuca Caioli & Cyril Collot aLondon:bIcon books,c2018. a202 p1 aCollot, Cyril,d1975-